The sovereign state : The secret history of ITT
Uloženo v:
| Hlavní autor: | |
|---|---|
| Médium: | Kniha |
| Jazyk: | Undetermined |
| Vydáno: |
London
Coronet Books
1978
|
| Témata: | |
| Tagy: |
Přidat tag
Žádné tagy, Buďte první, kdo otaguje tento záznam!
|
| Thư viện lưu trữ: | Trung tâm Học liệu Trường Đại học Cần Thơ |
|---|
| LEADER | 00578nam a2200205Ia 4500 | ||
|---|---|---|---|
| 001 | CTU_83555 | ||
| 008 | 210402s9999 xx 000 0 und d | ||
| 082 | |a 384.06 | ||
| 082 | |b S192 | ||
| 100 | |a Sampson, Anthony | ||
| 245 | 4 | |a The sovereign state : | |
| 245 | 4 | |b The secret history of ITT | |
| 245 | 0 | |c Anthony Sampson | |
| 260 | |a London | ||
| 260 | |b Coronet Books | ||
| 260 | |c 1978 | ||
| 650 | |a International telephone,Telegraph corporation | ||
| 650 | |x business and politics | ||
| 904 | |i Qhieu(sửa) | ||
| 980 | |a Trung tâm Học liệu Trường Đại học Cần Thơ | ||